000 00775nas a2200253 4500
001 BR8704482
003 BR-BrBNA
005 20231205090710.0
007 ta
008 230509b bl.|||p| |||| 00| 00por d
040 _aBR-BrBNA
_bpor
_cBiblioteca Nacional de Agricultura
041 _a(Pt)
072 _aF03; J11
100 1 _aGraziano, T.T.
245 1 _aViabilidade de sementes de palmeiras: 1 - Euterpe edulis Mart. e Ptychosperma macarthurii (H. Wendl.)Nich
650 _aPALMEIRA OLEAGINOSA
650 _aSEMENTE
650 _aTESTE DE VIGOR
650 _aGERMINACAO
650 _aARMAZENAMENTO
773 0 _tCientifica (Brazil)
_xISSN 0100-0039
_g(1982), v. 10(2) p. 273-276
_wBR8704482
909 _a202311
_bLúcia
_c55
_dLúcia Elande
942 _2AGRIS
_n0
_cANA
999 _c120327
_d120327